Corpus aureum : escultura religiosa /

Salvato in:
Dettagli Bibliografici
Autore principale: Alfaro, Alfonso (autor)
Altri autori: Maquívar, María del Consuelo (autor) (autor)
Natura: Libro
Lingua:spagnolo
Pubblicazione: México : Artes de México : Museo Franz Mayer, 1995, c1995
Serie:(Uso y Estilo ; 3)
Soggetti:
Tags: Aggiungi Tag
Nessun Tag, puoi essere il primo ad aggiungerne!!

MARC

LEADER 00000nam^a2200000^a^4500
001 000619001
005 20250823000000.0
009 20260310133811.036
020 |a 968-6533-40-0 
037 |a Acervo ITESO - Biblioteca 
041 |a ESP 
082 |a 730. 97203  |b ALF 
100 |a Alfaro, Alfonso  |e (autor) 
240 1 1 |a [Corpus aureum: escultura religiosa] 
245 1 0 |a Corpus aureum :  |b escultura religiosa /  |c A. Alfaro, M.C. Maquívar. 
264 4 |a México :  |b Artes de México :  |b Museo Franz Mayer,  |c 1995, c1995 
300 |a 72 p. 
336 |a texto  |b txt  |2 rdacontenido 
337 |a sin mediación  |b n  |2 rdamedio 
338 |a volumen  |b nc  |2 rdasoporte 
440 1 |a (Uso y Estilo ;  |v 3) 
546 |a Edición bilingüe español-inglés 
649 |a XX 
650 |a Museo Franz Mayer 
650 |a Museos y Galerías -  |z México (Ciudad) -  |x Colecciones 
650 |a Museos y Galerías -  |z México (Ciudad) -  |x Exposiciones 
650 |a Escultura Religiosa -  |x Tema Principal 
650 |a Escultura Religiosa -  |z México -  |x Tema Principal 
650 |a Escultura Religiosa -  |z México -  |x Colecciones 
650 |a Escultura Religiosa -  |z México -  |x Exposiciones 
650 |a Escultura Religiosa -  |z México -  |x Historia y Crítica 
650 |a Escultura Barroca -  |z México -  |x Colecciones 
650 |a Escultura Barroca -  |z México -  |x Exposiciones 
650 |a Escultura Barroca -  |z México -  |x Historia y Crítica 
650 |a Escultura Virreinal -  |z México -  |x Colecciones 
650 |a Escultura Virreinal -  |z México -  |x Exposiciones 
650 |a Escultura Virreinal -  |z México -  |x Historia y Crítica 
650 |a Escultura Mexicana -  |x Colecciones 
650 |a Escultura Mexicana -  |x Exposicones 
650 |a Escultura Mexicana -  |x Historia y Crítica 
650 |a Arte Religioso -  |z México -  |x Colecciones 
650 |a Arte Religioso -  |z México -  |x Exposiciones 
650 |a Arte Religioso -  |z México -  |x Historia y Crítica 
650 |a Arte Barroco -  |z México -  |x Colecciones 
650 |a Arte Barroco -  |z México -  |x Exposiciones 
650 |a Arte Barroco -  |z México -  |x Historia y Crítica 
650 |a Arte Virreinal -  |z México -  |x Colecciones 
650 |a Arte Virreinal -  |z México -  |x Exposiciones 
650 |a Arte Virreinal -  |z México -  |x Historia y Crítica 
650 |a Arte Mexicano -  |x Colecciones 
650 |a Arte Mexicano -  |x Exposicones 
650 |a Arte Mexicano -  |x Historia y Crítica 
700 |a Maquívar, María del Consuelo  |e (autor) 
910 |a Fondo Castillo-Martínez 
920 |a Impresos - Libros 
930 |a Fondos Especiales 
905 |a 127 
901 |a 619461-10  |b IT2  |c ESP  |i D126187  |u 20250823 
902 |a https://opac.biblio.iteso.mx/vufind/Record/000619001